|
|
|
|
| LEADER |
01090nam a2200277 u 4500 |
| 001 |
10037603 |
| 003 |
upatras |
| 005 |
20221222095550.0 |
| 008 |
001106s1999 uk eng |
| 952 |
|
|
|0 0
|1 0
|2 ddc
|4 0
|6 304_230000000000000_941_IDE
|7 0
|9 23499
|a ARCH
|b ARCH
|d 2016-04-24
|i 001325
|l 2
|m 2
|o 304.230 941 IDE
|p 025000094358
|r 2017-10-10 00:00:00
|s 2016-12-20
|t 1
|w 2016-04-24
|y BK15
|
| 999 |
|
|
|c 14750
|d 14750
|
| 020 |
|
|
|a 0415171229
|
| 040 |
|
|
|a GR-PaULI
|c GR-PaULI
|
| 041 |
0 |
|
|a eng
|
| 082 |
0 |
4 |
|a 304.230 941
|
| 245 |
1 |
0 |
|a Ideal homes?
|b social change and domestic life
|c edited by Tony Chapman and Jenny Hockey
|
| 260 |
|
|
|a London
|b Rourledge
|c 1999
|
| 300 |
|
|
|a xii, 233 p.
|c 24 cm.
|
| 504 |
|
|
|a Includes bibliography and index
|
| 650 |
|
4 |
|a Ανθρώπινη οικολογία
|9 414
|
| 650 |
|
4 |
|a Κατοικία
|z Μεγάλη Βρετανία
|9 25226
|
| 700 |
1 |
|
|a Chapman, Tony
|4 edt
|9 25227
|
| 700 |
1 |
|
|a Hockey, Jenny
|4 edt
|9 25228
|
| 852 |
|
|
|a GR-PaULI
|b ΠΑΤΡΑ
|b ΑΡΧΙΤΕΚΤΟΝΙΚΗ
|k ΑΣΧΞ-2
|h 304.23 C
|m 001325
|p 025000094358
|t 1
|
| 942 |
|
|
|2 ddc
|c BK15
|
| 998 |
|
|
|c MANIAKH
|d 2000-11
|